1284 1048 1243 1592 1996 1197 1339 1403 1722 1053 1066 1049 1560 1988 1068 1581 1056 1099 1880 1811 1736 1741 1841 1568 1121 1159 1706 1335 1108 1328 1604 1529 1540 1959 1320 1293 1777 1131 1178 1180 1320 1488 1548 1291 1146 1834 1529 1410 1992 1487 1138 1368 1815 1533 1197 1292 1052 1543 1604 1257 1453 1501 1454 1050 1279 1757 1318 1332 1624 1124 1579 1338 1198 1231 1716 1553 1579 1151 1964 1478 1740 1660 1360 1190 1859 1805 1732 1067 1025 1732 1788 1910 1338 1399 1262 1544 1112 1060 1197 BCNSPRNW ULIB Ver.6.0+V

เปลี่ยนเป็นภาษาไทย

Change to English
 แสดงรายละเอียดบรรณานุกรม
  กลับหน้าหลัก

Brief Record : Get Marc (ISO 2709) : E-mail record : QR code < ปิดหน้าต่าง
LEADER : 00000nas 2200000uu 4500
001    13399120114
003     ULIB
008    020711s|||| th a 000 0 tha d
110    สมาคมโภชนาการแห่งประเทศไทย
245    วารสารโภชนาการ/^cสมาคมโภชนาการแห่งประเทศไทย
260    กรุงเทพฯ :^bสมาคมโภชนาการแห่งประเทศไทย,^cม.ป.ป.
310    ^aรายสี่เดือน
850 ^a ULIB^bฉบับที่ 3 ปีที่ 42 ;ฉบับที่ 1 ปีที่ 48 ;ฉบับที่ 1 ปีที่ 51 ฉ.1 ;ฉบับที่ 1 ปีที่ 51 ฉ.2
945    ^p0^l0^i900674
945    ^p0^l0^i902140
945    ^p0^l0^i904004
945    ^p0^l0^i904005
999    ^aวรรณษา ชูชัยมงคล
รายการนี้ยังไม่มีแท็ก
คุณยังไม่ได้ล็อกอิน คุณสามารถมีกิจกรรมร่วมกับเว็บไซต์ได้ แต่ต้องล็อกอินก่อน ::
  ล็อกอิน

รายการสื่อสารสนเทศ (วารสาร)

ดูแบบ: กล่อง รายการ
ARRIVED
ฉบับที่ 3 ปีที่ 42
สถานที่: ห้องสมุดวิทยาเขตสวรรค์ประชารักษ์ >วารสาร
ARRIVED
ฉบับที่ 1 ปีที่ 48
สถานที่: ห้องสมุดวิทยาเขตสวรรค์ประชารักษ์ >วารสาร
ARRIVED
ฉบับที่ 1 ปีที่ 51 ฉ.1
สถานที่: ห้องสมุดวิทยาเขตสวรรค์ประชารักษ์ >หนังสือพิมพ์

BibComment


ยังไม่เคยถูกคอมเมนท์

คอมเมนท์ทรัพยากรรายการนี้
  คอมเมนท์: วารสารโภชนาการ สม..


 Copyright 2026. Bcnsprnw @Library